| 000 | 01820nam0a22003371 4500 | ||
|---|---|---|---|
| 001 | rc\3484252 | ||
| 005 | 20260406100716.0 | ||
| 021 |
_aRU _b[73-70549] |
||
| 035 | _a(NLR Aleph) 007646072 | ||
| 090 |
_a6177988 _c6177988 |
||
| 100 | _a20130115d1973 u y0rusy50 ca | ||
| 101 | 0 | _arus | |
| 102 | _aRU | ||
| 105 | _aa z ||||| | ||
| 200 | 1 | _aКонструкция и техническое обслуживание фактурных машин ФМЕ и ВА-345М | |
| 205 | _a2-е изд., перераб. и доп. | ||
| 210 |
_aМосква _cСтатистика _d1973 |
||
| 215 |
_a304 с., 2 отд. л. схем. _cил. _d27 |
||
| 300 | _a1-е изд. вышло под загл.: Конструкция и техническое обслуживание фактурных машин | ||
| 311 | _aПрил.: Альбом схем фактурных машин ФМЕ и ВА-345М., 1973 (шифр: 73-10/89) | ||
| 421 | 0 |
_11010#$arus _12001#$aАльбом схем фактурных машин ФМЕ и ВА-345М _1210##$d1973 _1215##$a[40] с.$cчерт. _1899##$aNLR$j73-10/89 _tАльбом схем фактурных машин ФМЕ и ВА-345М |
|
| 451 | 0 |
_12001#$aКонструкция и техническое обслуживание фактурных машин _1205##$a1-е изд. _tКонструкция и техническое обслуживание фактурных машин |
|
| 606 |
_aФактурные машины _2psbo |
||
| 700 | 1 |
_7ca _8rus _aНовиков _bА. Г. _cспециалист в обл. бух. учёта _gАндрей Григорьевич _92694450 _3RU\NLR\AUTH\770289220 |
|
| 801 | 0 |
_aRU _bNLR _gpsbo |
|
| 801 | 1 |
_aRU _bELAR _2rusmarc |
|
| 852 |
_aNLR _j73-7/1053 |
||
| 852 |
_aNLR _j73-10/89 |
||
| 942 | _cBOOK | ||
| 980 | _aNB | ||